000
00277nam a22001217a 4500
999
_c
162687
_d
162687
082
_a
_b
100
_a
Ralhan O P
245
_a
Jawaharlal Nehru and national affairs/
_c
by Raihan O P.
260
_a
New Delhi:
_b
Anmol,
_c
1993.
300
_a
427p.
650
_a
942
_c
BK